Loading...
Science - Physics | 0 | 1 | 0 | 0 | 10 | 98 | 98.00 | 1 | 1 |
Fine Arts - Painting and Sculpture | 0 | 1 | 0 | 0 | 10 | 117 | 117.00 | 0 | 0 |
Geography | 0 | 1 | 0 | 0 | 10 | 58 | 58.00 | 1 | 1 |
History - European History | 0 | 2 | 2 | 0 | 10 | 46 | 62.00 | 0 | 1 |
History - Other History | 0 | 1 | 0 | 0 | 10 | 136 | 136.00 | 0 | 1 |
History - World History | 0 | 2 | 2 | 1 | 10 | 108 | 111.00 | 0 | 1 |
Religion | 0 | 1 | 0 | 1 | 10 | 137 | 137.00 | 0 | 1 |
Current Events | 0 | 1 | 0 | 0 | 10 | 92 | 92.00 | 1 | 1 |
History - American History | 0 | 1 | 1 | 0 | 5 | 87 | 87.00 | 0 | 1 |
Science - Other Science | 0 | 0 | 0 | 0 | 0 | 0.00 | 0 | 0 | |
Literature - British Literature | 0 | 0 | 0 | 0 | 0 | 0.00 | 0 | 0 | |
Literature - European Literature | 0 | 0 | 1 | 0 | -5 | 0.00 | 0 | 0 | |
Literature - World Literature | 0 | 0 | 1 | 0 | -5 | 0.00 | 0 | 0 |